| 000 | 00589nam a2200217Ia 4500 | ||
|---|---|---|---|
| 003 | GCL | ||
| 008 | 140319s9999 xx 000 0 eng d | ||
| 020 | _a1857151747 | ||
| 040 |
_aGCL / _cGCL |
||
| 082 | 0 | 4 |
_a823 _bC H |
| 100 | 1 | _aCONRAD, JOSEPH | |
| 245 | 1 | 0 |
_aHEART OF DARKNESS / _cCONRAD, JOSEPH |
| 700 | 1 | _aKLINKENBORG, VERLYN | |
| 260 |
_aانجلترا : _bEVERYMAN'S LIBRARY ، _c1993 |
||
| 300 |
_a21 CM ؛ _cXXVIII, 110 P |
||
| 490 |
_aTHE MILLENNIUM LIBRARY _v174 |
||
| 650 | 0 | 4 | _aENGLISH LITERATURE |
| 650 | 0 | 4 | _aLITERATURE |
| 650 | 0 | 4 | _aENGLISH FICTION |
| 942 |
_2ddc _cBK |
||
| 999 |
_c5318 _d5318 |
||